Little Wolf - EPIC: The Musical - Statistics

General Stats
  • This quiz has been taken 30 times
  • The average score is 313 of 367
Answer Stats
Hint Answer % Correct
a
100%
be
100%
bit
100%
Suitors Bite
100%
bite
100%
Suitors Bite,
100%
Athena | Suitors Fight
100%
fight
100%
Suitors Fight,
100%
fight,
100%
little
100%
see
100%
the
100%
who
100%
wolf
100%
wolf,
100%
worst
100%
you
100%
your
100%
her
96%
here
96%
here?
96%
how
96%
I
96%
last
96%
Antinous Let's
96%
let's
96%
made
96%
man?
96%
man
96%
me?
96%
me,
96%
men
96%
mistake
96%
on
96%
Suitors Strike
96%
strike
96%
Suitors Strike,
96%
Athena Strike!
96%
Then
96%
this
96%
This
96%
to
96%
too
96%
Antinous Wanna
96%
when
96%
do
92%
entertain
92%
for
92%
go
92%
Antinous Go
92%
just
92%
Might
92%
one
92%
One
92%
so
92%
take
92%
Take
92%
Antinous You've
92%
you've
92%
and
88%
are
88%
I'll
88%
all
84%
Antinous All
84%
bones
84%
break
84%
could
84%
daddy
84%
Don't
84%
don't
84%
Athena Is
84%
is
84%
lesson
84%
never
84%
Athena No,
84%
no
84%
of
84%
run
84%
Antinous Run
84%
teach
84%
that?
84%
that
84%
up
84%
going
80%
know
80%
lessons
80%
my
80%
now
80%
now,
80%
out
80%
plan
80%
quick
80%
stand
80%
through
80%
Athena Uppercut
80%
us?
80%
Telemachus What's
80%
You'll
80%
Athena,
76%
back
76%
did
76%
die,
76%
die
76%
Suitors Die,
76%
good
76%
have
76%
him,
76%
In
76%
in
76%
sick!
76%
slow?
76%
suggest
76%
thoughts
76%
time
76%
Suitors Try,
76%
try
76%
being
72%
'Cause
72%
doesn't
72%
I've
72%
make
72%
Make
72%
moving
72%
Athena Need
72%
some
72%
them
72%
why
72%
around?
68%
bullies
68%
cruel
68%
cry
68%
got
68%
help?
68%
his
68%
Antinous Or
68%
or
68%
presents
68%
pushed
68%
respect
68%
Show
68%
Telemachus Tell
68%
We'll
68%
will
68%
Telemachus Woah,
68%
world
68%
aid?
64%
blood
64%
bring
64%
dog
64%
Suitors Fly,
64%
fly
64%
give
64%
hears
64%
If
64%
maybe
64%
mother
64%
than
64%
again.
60%
Athena Alright
60%
came
60%
corner
60%
front
60%
Get
60%
it's
60%
kind
60%
Athena Oh
60%
sure
60%
tears
60%
these
60%
choose
56%
combined
56%
hard!
56%
has
56%
heart
56%
she
56%
their
56%
away
52%
down
52%
had
52%
impose
52%
plenty
52%
seen
52%
Those
52%
understand
52%
won't
52%
young
52%
before
48%
enough
48%
larger
48%
without
48%
adorn
44%
advantage
44%
because
44%
filth
44%
Athena Ooh,
44%
truly
44%
Telemachus Ow
36%
Antinous Lеt's
0%
mе?
0%
No matching quizzes found
Score Distribution
Percent of People with Each Score
Percentile by Number Answered
Your Score History
You have not taken this quiz